Stratégia rozvoja vidieka Trenčianskeho samosprávneho kraja 2013 - 2020
Na minha lista:
| Autor principal: | |
|---|---|
| Outros Autores: | , , , |
| Formato: | Livro |
| Idioma: | eslovaco |
| Publicado em: |
[Trenčín]
[2015]
|
| Assuntos: | |
| Tags: |
Sem tags, seja o primeiro a adicionar uma tag!
|
MARC
| LEADER | 00000nlm a2200000 4500 | ||
|---|---|---|---|
| 001 | 0211554 | ||
| 005 | 20240718083454.4 | ||
| 041 | 0 | |a slo | |
| 044 | |a SK | ||
| 245 | 1 | 0 | |a Stratégia rozvoja vidieka Trenčianskeho samosprávneho kraja 2013 - 2020 |c Pavol Plesník ... [et al.] |
| 264 | 1 | |a [Trenčín] |c [2015] | |
| 300 | |a 98 s. | ||
| 610 | 2 | 0 | |a rozvoj vidieka |
| 610 | 2 | 0 | |a kraje |
| 610 | 2 | 0 | |a Slovensko |
| 100 | 1 | |a Plesník, Pavol, 1956- | |
| 700 | 1 | |a Michálková, Anna, 1968- | |
| 700 | 1 | |a Sitányi, Peter | |
| 700 | 1 | |a Kočan, Rastislav | |
| 700 | 1 | |a Krošláková, Monika, 1975- | |